Vplyv sezónnosti na využívanie výrobných faktorov v hoteli
Jedným z dôležitých faktorov, ktoré ovplyvňujú cestovný ruch je sezónnosť ako jeho typický znak a neoddeliteľná súčasť. Na vzorke hotelov je vykonaný prieskum využívania výrobných faktorov s ohľadom na sezónnosť. Analýza sezónnosti tržieb. Analýza využívania dlhodobého majetku. Analýza využívania ľu...
Salvato in:
| Autore principale: | |
|---|---|
| Natura: | Capitolo di libro |
| Lingua: | slovacco |
| Soggetti: | |
| Tags: |
Nessun Tag, puoi essere il primo ad aggiungerne!!
|
MARC
| LEADER | 00000naa$a2200000$$$4500 | ||
|---|---|---|---|
| 001 | 0003732 | ||
| 005 | 20230724111822.4 | ||
| 041 | 0 | |a slo | |
| 044 | |a SK | ||
| 245 | 1 | 0 | |a Vplyv sezónnosti na využívanie výrobných faktorov v hoteli |c aut. Lucia Ležáková |
| 520 | |a Jedným z dôležitých faktorov, ktoré ovplyvňujú cestovný ruch je sezónnosť ako jeho typický znak a neoddeliteľná súčasť. Na vzorke hotelov je vykonaný prieskum využívania výrobných faktorov s ohľadom na sezónnosť. Analýza sezónnosti tržieb. Analýza využívania dlhodobého majetku. Analýza využívania ľudskej práce. Analýza využívania zásob. Analýza využívania neskladovateľných dodávok a služieb. | ||
| 610 | 2 | 0 | |a hotely |
| 610 | 2 | 0 | |a podnik ruchu cestovného |
| 610 | 2 | 0 | |a ruch cestovný |
| 610 | 2 | 0 | |a sezónnosť |
| 610 | 2 | 0 | |a analýzy |
| 610 | 2 | 0 | |a tržby |
| 610 | 2 | 0 | |a faktory výrobné |
| 610 | 2 | 0 | |a náročnosť práce |
| 100 | 1 | |a Ležáková, Lucia | |